[Event "Aragon-chT Honor Gr I"]
[Site "Aragon"]
[Date "2023.02.25"]
[Round "5.31"]
[White "Llanes Luno, Pedro Alfredo"]
[Black "Gella Bitrian, Diego"]
[Result "1-0"]
[WhiteElo "2048"]
[BlackElo "2023"]
[PlyCount "85"]
[EventDate "2023.01.28"]
[EventType "team-tourn"]
[EventRounds "7"]
[EventCountry "ESP"]
[SourceTitle "EXT 2024"]
[Source "ChessBase"]
[SourceDate "2023.10.10"]
[SourceVersion "1"]
[SourceVersionDate "2023.10.10"]
[SourceQuality "1"]
[WhiteTeam "Delicias"]
[BlackTeam "Huesca Club Atletismo"]
[WhiteTeamCountry "ESP"]
[BlackTeamCountry "ESP"]

1. e4 c5 2. Nf3 d6 3. d4 Nf6 4. Nc3 cxd4 5. Nxd4 a6 6. Be3 e5 7. Nb3 Be6 8. Qd2 Nbd7 9. 0-0-0 b5 10. f4 Rc8 11. f5 Bc4 12. Kb1 Be7 13. Bd3 Nb6 14. Qe2 Bxd3 15. Rxd3 b4 16. Bxb6 Qxb6 17. Nd5 Nxd5 18. Rxd5 Rc6 19. g4 Bh4 20. Na5 Rc5 21. Nc4 Qc7 22. Nxd6+ Ke7 23. Rhd1 Rd8 24. Nc4 Kf8 25. Nxe5 Rcxd5 26. exd5 Re8 27. d6 Qd8 28. d7 Re7 29. g5 Bxg5 30. Qe4 Bf6 31. Qa8 Rxe5 32. Qc6 a5 33. a4 Be7 34. Qf3 h6 35. Ka2 Rc5 36. Qe4 Qc7 37. Qa8+ Qd8 38. Qe4 Rc7 39. f6 Rxd7 40. fxe7+ Qxe7 41. Qa8+ Qe8 42. Qf3 Qe6+ 43. b3 1-0

[Event "Aragon-chT Honor Gr II"]
[Site "Aragon"]
[Date "2022.03.12"]
[Round "7.9"]
[White "Llanes Luno, Pedro Alfredo"]
[Black "Glavina, Pablo"]
[Result "0-1"]
[WhiteElo "2041"]
[BlackElo "2397"]
[PlyCount "36"]
[EventDate "2022.01.29"]
[EventType "team-tourn"]
[EventRounds "7"]
[EventCountry "ESP"]
[SourceTitle "EXT 2024"]
[Source "ChessBase"]
[SourceDate "2023.10.10"]
[SourceVersion "1"]
[SourceVersionDate "2023.10.10"]
[SourceQuality "1"]
[WhiteTeam "Delicias"]
[BlackTeam "Casablanca MyInvestor"]
[WhiteTeamCountry "ESP"]
[BlackTeamCountry "ESP"]

1. e4 e5 2. d4 exd4 3. Qxd4 Nc6 4. Qe3 g6 5. Bd2 Bg7 6. Nc3 Nf6 7. h4 0-0 8. 0-0-0 d5 9. exd5 Nb4 10. Bc4 Nbxd5 11. Qg5 c6 12. Nge2 Bf5 13. Ng3 h6 14. Nxf5 hxg5 15. Nxg7 g4 16. Bg5 Kxg7 17. Bxd5 cxd5 18. Nxd5 Nxd5 0-1

[Event "Aragon-chT Honor Gr II"]
[Site "Aragon"]
[Date "2022.02.26"]
[Round "5.14"]
[White "Llanes Luno, Pedro Alfredo"]
[Black "Lopez Gracia, Fernando"]
[Result "1-0"]
[WhiteElo "2041"]
[BlackElo "2281"]
[PlyCount "23"]
[EventDate "2022.01.29"]
[EventType "team-tourn"]
[EventRounds "7"]
[EventCountry "ESP"]
[SourceTitle "EXT 2024"]
[Source "ChessBase"]
[SourceDate "2023.10.10"]
[SourceVersion "1"]
[SourceVersionDate "2023.10.10"]
[SourceQuality "1"]
[WhiteTeam "Delicias"]
[BlackTeam "IberCaja"]
[WhiteTeamCountry "ESP"]
[BlackTeamCountry "ESP"]

1. e4 e5 2. Nf3 Nc6 3. Bc4 Bc5 4. b4 Bxb4 5. c3 Be7 6. 0-0 Nf6 7. d4 Na5 8. Bxf7+ Kxf7 9. dxe5 Re8 10. exf6 Bxf6 11. Qd5+ Re6 12. Qxa5 1-0

[Event "Aragon-chT Honor Gr-B"]
[Site "Aragon"]
[Date "2019.02.09"]
[Round "3.27"]
[White "Quintin Navarro, Alberto"]
[Black "Llanes Luno, Pedro Alfredo"]
[Result "1-0"]
[WhiteElo "2391"]
[BlackElo "2011"]
[PlyCount "43"]
[EventDate "2019.01.26"]
[EventType "team-tourn"]
[EventRounds "7"]
[EventCountry "ESP"]
[SourceTitle "EXT 2020"]
[Source "ChessBase"]
[SourceDate "2019.10.17"]
[SourceVersion "1"]
[SourceVersionDate "2019.10.17"]
[SourceQuality "1"]
[WhiteTeam "St Casablanca"]
[BlackTeam "Delicias"]
[WhiteTeamCountry "ESP"]
[BlackTeamCountry "ESP"]

1. e4 c5 2. Nf3 d6 3. Bb5+ Nd7 4. 0-0 a6 5. Bd3 Ne5 6. Nxe5 dxe5 7. Bc4 Nf6 8. d3 Bg4 9. Qe1 e6 10. a4 Nd7 11. f4 exf4 12. Bxf4 Nb6 13. Nd2 Bh5 14. Qg3 Rc8 15. a5 Nd7 16. Bg5 Qc7 17. Qh3 Bg6 18. Bxe6 Bd6 19. Nc4 Rb8 20. Bxd7+ Qxd7 21. Qxd7+ Kxd7 22. Nxd6 1-0

[Event "Aragon-chT Honor GrA"]
[Site "Aragon"]
[Date "2016.02.13"]
[Round "3.7"]
[White "Llanes Luno, Pedro Alfredo"]
[Black "Lopez Gracia, Fernando"]
[Result "0-1"]
[WhiteElo "2103"]
[BlackElo "2346"]
[PlyCount "60"]
[EventDate "2016.01.30"]
[EventType "team-tourn"]
[EventRounds "7"]
[EventCountry "ESP"]
[SourceTitle "EXT 2018"]
[Source "ChessBase"]
[SourceDate "2017.10.13"]
[SourceVersion "1"]
[SourceVersionDate "2017.10.13"]
[SourceQuality "1"]
[WhiteTeam "Delicias"]
[BlackTeam "St Casablanca"]
[WhiteTeamCountry "ESP"]
[BlackTeamCountry "ESP"]

1. e4 e5 2. Nf3 Nc6 3. d4 exd4 4. Nxd4 Qf6 5. Nxc6 Bc5 6. Qd2 dxc6 7. Bd3 Nh6 8. h3 Qh4 9. Nc3 Be6 10. Rf1 0-0-0 11. Qg5 Qxg5 12. Bxg5 f6 13. Bxh6 gxh6 14. a3 Rhg8 15. Ne2 Bd6 16. g3 Bxh3 17. Rh1 Bg2 18. Rh2 Bf3 19. Rxh6 Rge8 20. Rh4 c5 21. Ng1 Bg2 22. 0-0-0 c4 23. Bxc4 Rxe4 24. Rxe4 Bxe4 25. Be6+ Kb8 26. Bd5 Bg6 27. Nf3 Bc5 28. Rd2 Re8 29. Kd1 Bh5 30. Kc1 c6 0-1

[Event "Aragon-chT Honor Titulo"]
[Site "Aragon"]
[Date "2014.03.22"]
[Round "9.2"]
[White "Garza Marco, Sergio"]
[Black "Llanes Luno, Pedro Alfredo"]
[Result "1-0"]
[WhiteElo "2447"]
[BlackElo "2127"]
[PlyCount "57"]
[EventDate "2014.01.25"]
[EventType "team-tourn"]
[EventRounds "11"]
[EventCountry "ESP"]
[SourceTitle "EXT 2015"]
[Source "ChessBase"]
[SourceDate "2014.11.20"]
[SourceVersion "1"]
[SourceVersionDate "2014.11.20"]
[SourceQuality "1"]
[WhiteTeam "Jaime Casas"]
[BlackTeam "Delicias"]
[WhiteTeamCountry "ESP"]
[BlackTeamCountry "ESP"]

1. d4 d5 2. Bf4 Nf6 3. e3 g6 4. Nf3 Nbd7 5. c4 c6 6. Nc3 Qa5 7. Be2 dxc4 8. Bxc4 Nb6 9. Bb3 Nbd5 10. Ne5 Be6 11. 0-0 Nxf4 12. exf4 Nd5 13. Qf3 Rd8 14. Ne4 Bg7 15. Ng5 0-0 16. Rfe1 Qd2 17. Nd3 Bc8 18. Rad1 Qa5 19. Ne5 f6 20. Nc4 Qc7 21. Ne6 Bxe6 22. Rxe6 Nxf4 23. Ne5 Nd5 24. Nd3 Kh8 25. Rde1 Rfe8 26. h4 Rd6 27. h5 gxh5 28. Qxh5 Qd7 29. Rxd6 1-0

[Event "Aragon-chT Honor Descenso"]
[Site "Aragon"]
[Date "2012.03.24"]
[Round "8.30"]
[White "Llanes Luno, Pedro Alfredo"]
[Black "Munoz Bornao, Miguel Angel"]
[Result "1-0"]
[WhiteElo "2148"]
[BlackElo "1788"]
[PlyCount "77"]
[EventDate "2012.02.04"]
[EventType "team-tourn"]
[EventRounds "11"]
[EventCountry "ESP"]
[SourceTitle "EXT 2014"]
[Source "ChessBase"]
[SourceDate "2013.11.20"]
[SourceVersion "1"]
[SourceVersionDate "2013.11.20"]
[SourceQuality "1"]
[WhiteTeam "Delicias CCOO"]
[BlackTeam "Shatranj"]
[WhiteTeamCountry "ESP"]
[BlackTeamCountry "ESP"]

1. e4 c5 2. Nf3 e6 3. d4 cxd4 4. Nxd4 a6 5. Bd3 Nc6 6. Nxc6 dxc6 7. 0-0 e5 8. Nd2 Nf6 9. Nc4 Qc7 10. Be3 b5 11. Nb6 Rb8 12. Nxc8 Rxc8 13. a4 Be7 14. axb5 cxb5 15. Rxa6 0-0 16. Ra7 Qd8 17. Bxb5 Bc5 18. Qxd8 Rfxd8 19. Bxc5 Rxc5 20. Bd3 g6 21. Rfa1 Rb8 22. b3 Ne8 23. Ra8 Rcc8 24. Rxb8 Rxb8 25. Ra5 f6 26. Bc4+ Kg7 27. Ra7+ Kh6 28. Bd5 Nd6 29. Kf1 Nb5 30. Ra8 Rxa8 31. Bxa8 Nd4 32. b4 Nxc2 33. b5 Nb4 34. Ke2 f5 35. Kd2 fxe4 36. Bxe4 Kg5 37. Kc3 Na2+ 38. Kb2 Nb4 39. Kb3 1-0